| 000 | 00312nam a2200109Ia 4500 | ||
|---|---|---|---|
| 008 | 190216s9999||||xx |||||||||||||| ||und|| | ||
| 100 | _aChiranjeevini Kumari | ||
| 245 | 0 | _aMalayalam-Vamsheeya Vadam Manushya Rashiye Beeshanipeduthunna Maha Vibath | |
| 260 | _bSree Devi Books | ||
| 650 | _aMalayalam | ||
| 942 | _cBK | ||
| 999 |
_c25701 _d25701 |
||